Biblioteca

Victoria en la crisis (Registro nro. 32400)

Detalles MARC
000 -LÍDER
Campo fijo de descripción fija 01909aam a2200325 i 4500
001 - NÚMERO DE CONTROL
Campo de control 768714001
003 - IDENTIFICADOR DEL NÚMERO DE CONTROL
Campo de control CO-MdFUSB
005 - FECHA Y HORA DE LA ULTIMA TRANSACCIÓN
control field 20250521091623.0
007 - CAMPO FIJO DE DESCRIPCIÓN FIJA--INFORMACIÓN GENERAL
Campo fijo de descripción fija ta
008 - ELEMENTOS DE LONGITUD FIJA -- INFORMACIÓN GENERAL
Campo fijo de descripción fija -- Información general 250520t1977 flu||||| |||| 00| 0 spa d
040 ## - FUENTE DE CATALOGACIÓN
Agencia que realiza la transcripción CO-MdFUSB
041 0# - CÓDIGO DE IDIOMA
Código de idioma para texto/pista de sonido o título separado spa
082 04 - NÚMERO DE CLASIFICACIÓN DECIMAL DEWEY
Número de la edición del Dewey 23
Número de clasificación 248.4
Clave de autor-Numero de item D2611v
100 1# - ASIENTO PRINCIPAL--NOMBRE PERSONAL
Nombre personal Davis, Creath
Término relacionador autor
240 ## - TITULO UNIFORME
Título uniforme <a href="How to win in a crisis">How to win in a crisis</a>
245 10 - TÍTULO
Título del Material Victoria en la crisis
Mención de responsabilidad, etc. / Creath Davis ; traducido por Francisco Liévano
260 ## - PUBLICACIÓN, DISTRIBUCIÓN, ETC. (PIE DE IMPRENTA)
Lugar de publicación, distribución, etc. a
264 #1 - PRODUCCIÓN, PUBLICACIÓN, DISTRIBUCIÓN, MANUFACTURA, Y COPYRIGHT
Nombre del productor, publicador, distribuidor Vida,
Lugar de producción, publicación, distribución, manufactura Miami, FL., USA : Vid
Fecha de producción, publicación, distribución, manufactura, o copyright [1977]
264 #4 - PRODUCCIÓN, PUBLICACIÓN, DISTRIBUCIÓN, MANUFACTURA, Y COPYRIGHT
Fecha de producción, publicación, distribución, manufactura, o copyright ©1977
300 ## - DESCRIPCIÓN FÍSICA
Extensión 272 páginas
336 ## - TIPO DE CONTENIDO
Término de tipo de contenido texto
Código de tipo de contenido txt
Fuente rdacontent
337 ## - TIPO DE MEDIO
Fuente rdamedia
Nombre del tipo de medio sin mediación
Código del tipo de medio n
338 ## - TIPO DE SOPORTE
Fuente rdacarrier
Nombre del tipo de soporte volumen
Código Tipo de soporte nc
505 ## - NOTA DE CONTENIDO
Nota de contenido con formato preestablecido \I Parte: Cómo manejar los conflictos personales -- ¿Cómo reaccionas ante el conflicto? -- Los sustitutos de la intimidad -- Cómo manejar tus emociones -- El sentido del humor: una posesión valiosa -- La oración: un recurso olvidado -- El perdón: un ingrediente esencial \ II Parte: Haciéndole frente al conflicto -- Cómo trabajar con alguien que no te simpatiza -- Cómo vivir con un alcohólico -- Cómo manejar las perturbaciones emocionales -- ¿Soltero o incierto? -- El conflicto entre los padres y los adolescentes -- El conflicto entre los padres y los familiares políticos \ III Parte: Cómo manejar las circunstancias difíciles -- ¿Dónde comenzaron todos los problemas? -- El evangelio del éxito contra el evangelio de la redención -- ¿Cómo manejar tus crisis? -- Cómo hacer frente a las tragedias absurdas -- La perdida del significado en la vida -- El dolor y el sufrimiento -- Todos estamos envejeciendo -- El dinero puede crear crisis \ IV Parte Cómo hacer frente a la crisis final: la muerte
563 ## - NOTA DE ENCUADERNACIÓN
Nota de encuadernación Rústico
650 10 - ASIENTO SECUNDARIO DE MATERIA - TERMINO TEMÁTICO
Término temático o nombre geográfico como elemento de entrada Vida cristiana
9 (RLIN) 19
700 ## - ASIENTO SECUNDARIO - NOMBRE PERSONAL
Nombre personal Liévano, Francisco
9 (RLIN) 8345
Responsabilidad traductor
942 ## - TIPO DE MATERIAL (KOHA)
Tipo de Item KOHA Libros General
945 ## - INFORMACIÓN LOCAL DEL REGISTRO
Catalogador Elías Tolentino
Existencias
Estado de Material Estado de Perdido Estado de Dañado No para Préstamo Colección Tomo Biblioteca de Origen Biblioteca Permanente Fecha de Adquisición Total de Préstamos Signatura Topográfica Código de Barras Última vez visto Ejemplar/Existencia Fecha de Remplazo Tipo de Material Última vez Préstado
        Colección General   Biblioteca FUSBC Biblioteca FUSBC 01/10/2004   G 248.4 D2611v 249 12/12/2019 Ej. 1 26/01/2016 Libros General  
        Colección General   Biblioteca FUSBC Biblioteca FUSBC 01/10/2004 1 G 248.4 D2611v 250 12/12/2019 2 26/01/2016 Libros General 28/03/2016

Biblioteca FUSBC | Teléfono: (57+4) 349 88 10 Ext. 141| WhatsApp (+57) 3005338115 
E-mail: biblioteca@unisbc.edu.co | Calle 76 87-14 Robledo Palenque, Medellín, Colombia

Con tecnología Koha